| 000 | 01690nam a22002897a 4500 | ||
|---|---|---|---|
| 005 | 20210325191739.0 | ||
| 008 | s2537 th tha d | ||
| 020 | _a9745836141 | ||
| 041 | _atha | ||
| 090 | _aว KD12/2521 ป496ร 2537 | ||
| 100 | 0 | _aปวีณา อินวะษา | |
| 245 | 1 | 0 | _aรัฐธรรมนูญฉบับ พ.ศ. 2521 : ศึกษาเฉพาะกรณีความเหมาะสมกับสภาพความเป็นจริงทางการเมืองและสังคมของประเทศไทย |
| 260 | 3 |
_aม.ป.ท. : _bจุฬาลงกรณ์มหาวิทยาลัย, _c2537 |
|
| 300 |
_a266 หน้า : _b ตาราง ; _c 30 ซม. |
||
| 650 | 0 | 4 | _aปริญญาโท (รัฐศาสตรมหาบัณฑิต) -- สาขาวิชาการปกครอง คณะรัฐศาสตร์ จุฬาลงกรณ์มหาวิทยาลัย |
| 650 | 0 | 4 | _aการร่างรัฐธรรมนูญ |
| 650 | 0 | 4 | _aพฤษภาทมิฬ |
| 650 | 0 | 4 | _aรัฐธรรมนูญ -- ไทย -- 2521 |
| 650 | 0 | 4 | _aรัฐประหาร 20 ตุลาคม 2520 |
| 650 | 0 | 4 | _aรัฐประหาร 23 กุมภาพันธ์ 2534 |
| 650 | 0 | 4 | _aเหตุการณ์ 6 ตุลาคม 2519 |
| 650 | 0 | 4 | _aไทย -- การเมืองและการปกครอง -- 2519--2534 |
| 850 | _aNALT | ||
| 942 | _cRSH | ||
| 997 |
_c000000000029425 _kVC |
||
| 998 | _aนางสาวอารีรัตน์ วิชาช่าง | ||
| 999 |
_c29425 _d29425 |
||